Knowledge Treasure Of India Part-3; (Record no. 201870)
[ view plain ]
| 000 -LEADER | |
|---|---|
| fixed length control field | 00886nam a22003137a 4500 |
| 005 - DATE AND TIME OF LATEST TRANSACTION | |
| control field | 20250116125511.0 |
| 010 ## - LCCN (DPL NO) | |
| LC control number | EN-123536 ( EN-127023 ) (EN-127024 |
| 020 ## - INTERNATIONAL STANDARD BOOK NUMBER | |
| International Standard Book Number | 9789381154069 |
| Terms of availability | 650.00 |
| 020 ## - INTERNATIONAL STANDARD BOOK NUMBER | |
| International Standard Book Number | 9789381154076 |
| 020 ## - INTERNATIONAL STANDARD BOOK NUMBER | |
| International Standard Book Number | 9789381154083 |
| 035 ## - SYSTEM CONTROL NUMBER | |
| System control number | EN-140004 |
| 035 ## - SYSTEM CONTROL NUMBER | |
| System control number | EN-143491 |
| 035 ## - SYSTEM CONTROL NUMBER | |
| System control number | EN-143492 |
| 037 ## - SOURCE OF ACQUISITION | |
| Source of stock number/acquisition | DBAD/PUB |
| 082 ## - DEWEY DECIMAL CLASSIFICATION NUMBER | |
| Classification number | 001.34 |
| 100 ## - MAIN ENTRY--PERSONAL NAME | |
| Personal name | Vyas, Girish |
| 245 ## - TITLE STATEMENT | |
| Title | Knowledge Treasure Of India Part-3; |
| Statement of responsibility, etc | (Geography & Econimics)\ |
| Remainder of title | Girish Vyas |
| 260 ## - PUBLICATION, DISTRIBUTION, ETC. (IMPRINT) | |
| Place of publication, distribution, etc | Jaipur |
| Name of publisher, distributor, etc | Balaji |
| Date of publication, distribution, etc | 2021 |
| 270 ## - ADDRESS | |
| Address | 45-G,Govardhan Colony New Sanganer Road |
| City | Jaipur |
| Postal code | 19 |
| 300 ## - PHYSICAL DESCRIPTION | |
| Extent | 176 p; |
| Dimensions | 22(Pb) |
| 300 ## - PHYSICAL DESCRIPTION | |
| Extent | 184 p; |
| Dimensions | 22 cm |
| 490 ## - SERIES STATEMENT | |
| Volume number/sequential designation | 1 |
| 490 ## - SERIES STATEMENT | |
| Volume number/sequential designation | 2 |
| 490 ## - SERIES STATEMENT | |
| Volume number/sequential designation | 3 |
| 500 ## - GENERAL NOTE | |
| General note | History of india |
| 700 ## - ADDED ENTRY--PERSONAL NAME | |
| Personal name | Vyas, Girish |
| 9 (RLIN) | 64141 |
| 710 ## - ADDED ENTRY--CORPORATE NAME | |
| Corporate name or jurisdiction name as entry element | K.S.Shukla (Translated) |
| 9 (RLIN) | 64142 |
| 942 ## - ADDED ENTRY ELEMENTS (KOHA) | |
| Source of classification or shelving scheme | Dewey Decimal Classification |
| Item type | English Books |
| Classification part | 001.34 |
| Call number suffix | VYA |
| Withdrawn status | Lost status | Materials specified (bound volume or other part) | Not for loan | Collection code | Home library | Current library | Date acquired | Source of acquisition | Cost, normal purchase price | Full call number | Barcode | Copy number | Cost, replacement price | Koha item type |
|---|---|---|---|---|---|---|---|---|---|---|---|---|---|---|
| Vol1 | Non-fiction | Bawana | Bawana | 02/04/2024 | DBAD | 650.00 | 001.34 VYA | EN-123536 | 1 | 650.00 | English Books | |||
| Vol3 | Non-fiction | Bawana | Bawana | 16/01/2025 | Delivery of Books Act Division | 650.00 | 001.34 VYA | EN-127024 | 1 | 650.00 | English Books | |||
| Vol2 | Non-fiction | Bawana | Bawana | 16/01/2025 | DBAD | 650.00 | 001.34 VYA | EN-127023 | 1 | 650.00 | English Books |
